Guess the European city 100k-200k - Statistics

General Stats
  • This quiz has been taken 18 times
  • The average score is 2 of 28
Answer Stats
Picture Answer % Correct
Reykjavik
50%
Geneva
33%
Split
25%
Lund
17%
Plzen
17%
Salzburg
17%
Durrës
8%
Klaipeda
8%
Liege
8%
Maribor
8%
Odense
8%
Tiraspol
8%
Trondheim
8%
Turku
8%
Batumi
0%
Braga
0%
Gliwice
0%
Gyumri
0%
Haarlem
0%
Kraljevo
0%
Limassol
0%
Limerick
0%
Piraeus
0%
Stepanakert
0%
Szeged
0%
Tartu
0%
Tuzla
0%
Ulm
0%
No matching quizzes found
Score Distribution
Percent of People with Each Score
Percentile by Number Answered
Your Score History
You have not taken this quiz